Balíkové služby táhne nakupování on-line
Kuriérske, expresné a balíkové služby s pridanou hodnotou. Využívanie vlastných pobočiek, triediacich centier a vlastnej doručovacej siete. Expresné doručenie zásielok do celého sveta. Vysoká flexibilita prepravy zásielok. Obchodné vzťahy: B2B (business-to-business), B2C (business-to-customer), C2C...
Uložené v:
| Hlavný autor: | |
|---|---|
| Ďalší autori: | |
| Médium: | Kapitola |
| Jazyk: | Czech |
| Predmet: | |
| Tagy: |
Žiadne tagy, Buďte prvý, kto otaguje tento záznam!
|
MARC
| LEADER | 00000naa a2200000 4500 | ||
|---|---|---|---|
| 001 | 0149731 | ||
| 005 | 20231211075102.8 | ||
| 041 | 0 | |a cze | |
| 044 | |a CZ | ||
| 245 | 1 | 0 | |a Balíkové služby táhne nakupování on-line |c Václav Cempírek, Eva Zákorová |
| 520 | |a Kuriérske, expresné a balíkové služby s pridanou hodnotou. Využívanie vlastných pobočiek, triediacich centier a vlastnej doručovacej siete. Expresné doručenie zásielok do celého sveta. Vysoká flexibilita prepravy zásielok. Obchodné vzťahy: B2B (business-to-business), B2C (business-to-customer), C2C (consumer-to-consumer). Podiel e-shopov na výkone firiem. Obchodný model B2B dominantný. Využívanie cestnej prepravy. Kvalita služieb a poškodenie zásielok. Balenie zásielok. | ||
| 610 | 2 | 0 | |a služby kuriérske |
| 610 | 2 | 0 | |a služby logistické |
| 610 | 2 | 0 | |a preprava |
| 610 | 2 | 0 | |a doprava cestná nákladná |
| 610 | 2 | 0 | |a kvalita |
| 610 | 2 | 0 | |a balenie |
| 610 | 2 | 0 | |a obchod elektronický |
| 100 | 1 | |a Cempírek, Václav | |
| 700 | 1 | |a Zákorová, Eva | |